संघर्ष / (Record no. 112547)
[ view plain ]
| 000 -LEADER | |
|---|---|
| fixed length control field | 01104nam a22002777a 4500 |
| 005 - DATE AND TIME OF LATEST TRANSACTION | |
| control field | 20170203151534.0 |
| 008 - FIXED-LENGTH DATA ELEMENTS--GENERAL INFORMATION | |
| fixed length control field | 170203b xxu||||| |||| 00| 0 hin d |
| 010 ## - LCCN (DPL NO) | |
| LC control number | A-987041 |
| 020 ## - INTERNATIONAL STANDARD BOOK NUMBER | |
| Terms of availability | 80.00 |
| 035 ## - SYSTEM CONTROL NUMBER | |
| System control number | A-987041 |
| 037 ## - SOURCE OF ACQUISITION | |
| Source of stock number/acquisition | Cen Lib/Ret |
| 040 ## - CATALOGING SOURCE | |
| Original cataloging agency | DPL |
| Language of cataloging | HN |
| 082 ## - DEWEY DECIMAL CLASSIFICATION NUMBER | |
| Classification number | 822 |
| Item number | सावन्त |
| 100 ## - MAIN ENTRY--PERSONAL NAME | |
| Personal name | सावन्त, शिवाजी |
| 9 (RLIN) | 48125 |
| 245 ## - TITLE STATEMENT | |
| Title | संघर्ष / |
| Statement of responsibility, etc | शिवाजी सावन्त |
| 246 ## - VARYING FORM OF TITLE | |
| Title proper/short title | Sangharsh / |
| Remainder of title | by Shivaji Sawant |
| 260 ## - PUBLICATION, DISTRIBUTION, ETC. (IMPRINT) | |
| Place of publication, distribution, etc | नई दिल्ली |
| Name of publisher, distributor, etc | भारतीय ज्ञानपीठ |
| Date of publication, distribution, etc | 1999 |
| 270 ## - ADDRESS | |
| City | नई दिल्ली |
| Address | 18, इंस्टीटयुश्नल एरिया, लोधी रोड |
| Postal code | 110003 |
| 300 ## - PHYSICAL DESCRIPTION | |
| Extent | 114पृ. |
| Dimensions | 20मी(सजिल्द) |
| 520 ## - SUMMARY, ETC. | |
| Summary, etc | AW |
| 650 ## - SUBJECT ADDED ENTRY--TOPICAL TERM | |
| Topical term or geographic name as entry element | हिन्दी साहित्य |
| 9 (RLIN) | 48126 |
| 650 ## - SUBJECT ADDED ENTRY--TOPICAL TERM | |
| Topical term or geographic name as entry element | हिन्दी साहित्य -- नाटक |
| 9 (RLIN) | 46022 |
| 650 ## - SUBJECT ADDED ENTRY--TOPICAL TERM | |
| Topical term or geographic name as entry element | Hindi literature |
| 9 (RLIN) | 48127 |
| 650 ## - SUBJECT ADDED ENTRY--TOPICAL TERM | |
| Topical term or geographic name as entry element | Hindi literature -- Drama |
| 9 (RLIN) | 48128 |
| 942 ## - ADDED ENTRY ELEMENTS (KOHA) | |
| Source of classification or shelving scheme | Dewey Decimal Classification |
| Item type | Hindi Books |
| Classification part | 822 |
| Call number suffix | सावन्त |
| Withdrawn status | Lost status | Damaged status | Not for loan | Home library | Current library | Date acquired | Source of acquisition | Cost, normal purchase price | Total Checkouts | Full call number | Barcode | Date last seen | Copy number | Cost, replacement price | Koha item type | Source of classification or shelving scheme | Collection code | Shelving location |
|---|---|---|---|---|---|---|---|---|---|---|---|---|---|---|---|---|---|---|
| Central Library | Central Library | 08/08/2015 | Cen Lib/Ret | 80.00 | 822 सावन्त | A-987041 | 08/08/2015 | 1 | 80.00 | Hindi Books | ||||||||
| Ordered | Sarojini Nagar | Sarojini Nagar | 21/02/2017 | DPL | 80.00 | 822 सावन्त | B-987045 | 21/02/2017 | 1 | 80.00 | Hindi Books | Dewey Decimal Classification | Non-fiction | On Display |
